New discoveries about vedic sarasvati, ed. 3 (Record no. 516892)

000 -LEADER
fixed length control field 00268nam a22000977a 4500
082 ## - DEWEY DECIMAL CLASSIFICATION NUMBER
Classification number TNC
100 ## - MAIN ENTRY--PERSONAL NAME
Personal name Arya, Ravi Prakash
9 (RLIN) 23725
245 ## - TITLE STATEMENT
Title New discoveries about vedic sarasvati, ed. 3
Statement of responsibility, etc by Ravi Prakash Arya
260 ## - PUBLICATION, DISTRIBUTION, ETC. (IMPRINT)
Place of publication, distribution, etc New York
Name of publisher, distributor, etc D.D.D.I.V.V.
Date of publication, distribution, etc 2002
300 ## - PHYSICAL DESCRIPTION
Extent 90p.

No items available.

Powered by Koha